Statistics for Most Famous Johns

Click here to take the quiz!

General Stats

  • This quiz has been taken 14 times
  • The average score is 13 of 24

Answer Stats

HintAnswer% Correct
Served as the 35th President of the United States and was famously assasinated in Dallas, TexasJohn F. Kennedy
100%
American Actor who Starred in many Western Films in the Mid 1900'sJohn Wayne
100%
6th US President who formulated the Monroe DoctrineJohn Quincy Adams
92%
Member of the BeatlesJohn Lennon
92%
Singer of "Country Roads"John Denver
92%
2nd President of the United StatesJohn Adams
92%
American R&B and Pop Singer best known for his hit "All of Me"John Legend
83%
Actor who played Danny Zuko in "Grease"John Travolta
83%
Former US Republican Senator and 2008 Republican Nominee who lost to Barack ObamaJohn Mccain
75%
Entrepreneur who made Millions in the late 1800's into the early 1900's. Has a Center named after him in NYC.John D. Rockefeller
67%
Composer behind Star Wars, Indiana Jones, Harry Potter, Home Alone, Superman, Jurassic Park, JawsJohn Williams
58%
WWE Wrestler best known for saying "You can't see me"John Cena
50%
American Actor best known for his role on "Full House"John Stamos
42%
Actor and Voice Actor who played Fred Flintstone, Baloo in Jungle Book, John Chambers in Argo, and Babe Ruth in the BabeJohn Goodman
33%
Famous NFL Football coach and Color CommentatorJohn Madden
33%
Last Week Tonight with _____John Oliver
33%
Pop Singer known for his hit "Waiting on the World to Change"John Mayer
25%
Actor who played Jim in "The Office"John Krasinski
25%
American Actor in Talledega Nights, Walk Hard, and Guardians of the GalaxyJohn C. Reilly
25%
NBA Point Guard who played for the Washington Wizards and is now on the Houston RocketsJohn Wall
25%
Man behind Crash Course HistoryJohn Green
8%
American ComedianJohn Mulaney
8%
Known as Boonk GangJohn Gabbana
8%
Singer of "Love me Again"John Newman
8%

Score Distribution

Percentile by Number Answered

Percent of People with Each Score

Your Score History

You have not taken this quiz